[Event "Hastings Challengers 1987/88"]
[Site "Hastings"]
[Date "1987.12.31"]
[Round "3"]
[White "Kosten, Anthony C"]
[Black "McDonald, Neil R"]
[Result "1-0"]
[WhiteElo "2495"]
[BlackElo "2480"]
[PlyCount "61"]
[EventDate "1987.12.29"]
[EventType "swiss"]
[EventRounds "10"]
[EventCountry "ENG"]
[SourceTitle "BritBase"]
[Source "John Saunders"]
[SourceDate "2024.12.03"]
[SourceVersion "1"]
[SourceVersionDate "2024.12.03"]
[SourceQuality "1"]

1. e4 e6 2. d4 d5 3. Nc3 Bb4 4. e5 c5 5. a3 Bxc3+ 6. bxc3 Ne7 7. h4 Nbc6 8. h5 h6 9. Qg4 Nf5 10. Bd3 Kf8 11. Ne2 Qa5 12. Bd2 c4 13. Bxf5 exf5 14. Qf3 Be6 15. Nf4 Kg8 16. Rg1 Rf8 17. g4 Ne7 18. g5 hxg5 19. Rxg5 Rh7 20. Rg3 Qa4 21. Rc1 Qxa3 22. Ke2 Qa4 23. Qg2 Kh8 24. Be3 b5 25. Bd2 a5 26. Qh1 b4 27. h6 Rg8 28. Qh4 Qd7 29. Rxg7 b3 30. Nh5 Ng6 31. Nf6 1-0

[Event "Hastings Challengers 1987/88"]
[Site "Hastings"]
[Date "1988.01.01"]
[Round "4"]
[White "Arkell, Keith C"]
[Black "Boudre, Jean Pierre"]
[Result "1-0"]
[WhiteElo "2340"]
[BlackElo "2225"]
[PlyCount "65"]
[EventDate "1987.12.29"]
[EventType "swiss"]
[EventRounds "10"]
[EventCountry "ENG"]
[SourceTitle "BritBase"]
[Source "John Saunders"]
[SourceDate "2024.12.03"]
[SourceVersion "1"]
[SourceVersionDate "2024.12.03"]
[SourceQuality "1"]

1. d4 Nf6 2. Nf3 e6 3. Bg5 h6 4. Bh4 d6 5. c4 g5 6. Bg3 Bg7 7. Nc3 Nh5 8. e3 f5 9. Nd2 Nxg3 10. hxg3 Nc6 11. Qh5+ Kf8 12. g4 Bd7 13. gxf5 exf5 14. O-O-O Qe8 15. Qh2 Ne7 16. Be2 Be6 17. Bh5 Qc6 18. Kb1 Qb6 19. Rc1 a6 20. g4 Qa5 21. Nb3 Qb4 22. Nd5 Nxd5 23. cxd5 Bxd5 24. Rxc7 a5 25. Rhc1 a4 26. Nc5 f4 27. a3 Qb5 28. Qh1 Qxc5 29. dxc5 Bxh1 30. Rxh1 dxc5 31. Rd1 Be5 32. Rf7+ Kg8 33. Rd5 {Source: CHESS, March 1988, Vol.52/1018, p381} 1-0

[Event "Hastings Challengers 1987/88"]
[Site "Hastings"]
[Date "1988.01.01"]
[Round "4"]
[White "Basagic, Zlatko"]
[Black "Kosten, Anthony C"]
[Result "0-1"]
[WhiteElo "2405"]
[BlackElo "2495"]
[PlyCount "60"]
[EventDate "1987.12.29"]
[EventType "swiss"]
[EventRounds "10"]
[EventCountry "ENG"]
[SourceTitle "BritBase"]
[Source "John Saunders"]
[SourceDate "2024.12.03"]
[SourceVersion "1"]
[SourceVersionDate "2024.12.03"]
[SourceQuality "1"]

1. d4 Nf6 2. Nf3 e6 3. Bf4 b6 4. c4 Bb7 5. e3 Be7 6. h3 c5 7. dxc5 bxc5 8. Nc3 O-O 9. Be2 Nc6 10. O-O d5 11. cxd5 exd5 12. Ne5 Bd6 13. Nxc6 Bxc6 14. Bxd6 Qxd6 15. Bf3 Rfd8 16. Qe2 Rab8 17. Rfd1 d4 18. exd4 cxd4 19. Rd2 Qc5 20. Ne4 Bxe4 21. Bxe4 Re8 22. f3 Nxe4 23. fxe4 f5 24. e5 Rxe5 25. Qf2 Re4 26. Rad1 Rd8 27. b4 Qe5 28. a4 d3 29. Rf1 Re2 30. Qh4 Rd4 {Source: BCM, February 1988, p53} 0-1

[Event "Hastings Challengers 1987/88"]
[Site "Hastings"]
[Date "1988.01.02"]
[Round "5"]
[White "Adams, Michael"]
[Black "Basagic, Zlatko"]
[Result "1-0"]
[WhiteElo "2360"]
[BlackElo "2405"]
[PlyCount "75"]
[EventDate "1987.12.29"]
[EventType "swiss"]
[EventRounds "10"]
[EventCountry "ENG"]
[SourceTitle "BritBase"]
[Source "John Saunders"]
[SourceDate "2024.12.03"]
[SourceVersion "1"]
[SourceVersionDate "2024.12.03"]
[SourceQuality "1"]

1. e4 g6 2. d4 Bg7 3. Nc3 c6 4. Bc4 b5 5. Bb3 b4 6. Nce2 Nf6 7. e5 Nd5 8. Nf4 Nxf4 9. Bxf4 O-O 10. h4 d6 11. Qe2 a5 12. h5 d5 13. Ba4 c5 14. dxc5 Bd7 15. Bxd7 Nxd7 16. c6 Nc5 17. Nf3 Ne6 18. Be3 Qc7 19. Qb5 Bxe5 20. O-O-O Bf6 21. hxg6 hxg6 22. Rxd5 Rab8 23. Qa4 Ra8 24. Rd7 Qc8 25. Bb6 Qa6 26. Rb7 Rfc8 27. Rd1 Qc4 28. c7 Nxc7 29. Bd4 Ne6 30. Qb3 Qc6 31. Bxf6 Qxb7 32. Be5 Nc5 33. Qc4 Ne4 34. Rh1 Nf6 35. Bxf6 exf6 36. Qh4 Kf8 37. Qxf6 Rxc2+ 38. Kb1 1-0

[Event "Hastings Challengers 1987/88"]
[Site "Hastings"]
[Date "1988.01.02"]
[Round "5"]
[White "Adelman, Charles D"]
[Black "Basagic, Vesna"]
[Result "1-0"]
[WhiteElo "2305"]
[BlackElo "2210"]
[PlyCount "71"]
[EventDate "1987.12.29"]
[EventType "swiss"]
[EventRounds "10"]
[EventCountry "ENG"]
[SourceTitle "BritBase"]
[Source "John Saunders"]
[SourceDate "2024.12.03"]
[SourceVersion "1"]
[SourceVersionDate "2024.12.03"]
[SourceQuality "1"]

1. Nf3 d5 2. b3 c6 3. g3 Nf6 4. Bg2 Bg4 5. Bb2 Nbd7 6. O-O e6 7. d3 Bb4 8. Nbd2 O-O 9. a3 Ba5 10. h3 Bh5 11. g4 Bg6 12. Nh4 Bc7 13. Nxg6 fxg6 14. e3 e5 15. Qe2 Qe7 16. e4 d4 17. f4 exf4 18. Bxd4 Qd6 19. Nf3 c5 20. Bb2 Rae8 21. Qd2 Qe7 22. Rae1 g5 23. e5 Nd5 24. Nxg5 Ne3 25. Rxe3 Qxg5 26. Bd5+ Kh8 27. Ref3 Nxe5 28. Rxf4 Rxf4 29. Qxf4 Qxf4 30. Rxf4 Nxd3 31. Bxg7+ Kxg7 32. Rf7+ Kh6 33. cxd3 Be5 34. Be4 b5 35. h4 c4 36. Rxh7# {Source: Atlantic Chess News, March/April 1988. Contributed by Andy Ansel, 21 March 2022} 1-0

[Event "Hastings Challengers 1987/88"]
[Site "Hastings"]
[Date "1988.01.02"]
[Round "5"]
[White "Lane, Gary William"]
[Black "Arkell, Keith C"]
[Result "1-0"]
[WhiteElo "2345"]
[BlackElo "2340"]
[PlyCount "65"]
[EventDate "1987.12.29"]
[EventType "swiss"]
[EventRounds "10"]
[EventCountry "ENG"]
[SourceTitle "BritBase"]
[Source "John Saunders"]
[SourceDate "2024.12.03"]
[SourceVersion "1"]
[SourceVersionDate "2024.12.03"]
[SourceQuality "1"]

1. e4 c6 2. d4 d5 3. Nd2 dxe4 4. Nxe4 Nd7 5. Bc4 Ngf6 6. Ng5 e6 7. Qe2 Nb6 8. Bb3 a5 9. a4 h6 10. N5f3 c5 11. Bf4 Nbd5 12. Bg3 cxd4 13. O-O-O Qb6 14. Nxd4 Bc5 15. Ngf3 O-O 16. Bh4 Nf4 17. Qd2 Bxd4 18. Nxd4 e5 19. Nb5 Nxg2 20. Rhg1 Nf4 21. Qe1 Ng4 22. Kb1 g5 23. f3 Nh3 24. Rg3 Ne3 25. Rd6 Qc5 26. Rxh6 Rd8 27. Bxg5 Nxg5 28. Rxg5+ Kf8 29. Rh8+ Ke7 30. Rxd8 Kxd8 31. Rg8+ Kd7 32. Qd2+ Kc6 33. Qd8 1-0

[Event "Hastings Challengers 1987/88"]
[Site "Hastings"]
[Date "1988.01.02"]
[Round "5"]
[White "Plaskett, H James"]
[Black "Dunnington, Angus J"]
[Result "1-0"]
[WhiteElo "2460"]
[BlackElo "2285"]
[PlyCount "57"]
[EventDate "1987.12.29"]
[EventType "swiss"]
[EventRounds "10"]
[EventCountry "ENG"]
[SourceTitle "BritBase"]
[Source "John Saunders"]
[SourceDate "2024.12.03"]
[SourceVersion "1"]
[SourceVersionDate "2024.12.03"]
[SourceQuality "1"]

1. c4 e5 2. Nc3 d6 3. Nf3 Nf6 4. d4 e4 5. Nd2 Bf5 6. Qb3 Qc8 7. e3 c6 8. h3 h5 9. Be2 Be7 10. a3 Na6 11. f3 exf3 12. Nxf3 Nc7 13. O-O Rb8 14. Bd2 Ne4 15. Be1 Ng5 16. Nxg5 Bxg5 17. Rf3 Qe6 18. e4 Bg6 19. d5 Qd7 20. Bf2 c5 21. e5 dxe5 22. Bxc5 b6 23. Rg3 Bf4 24. Rxg6 fxg6 25. Ne4 Kf7 26. Bd6 Rhc8 27. g3 Bh6 28. Bxc7 Qxc7 29. d6 1-0

[Event "Hastings Challengers 1987/88"]
[Site "Hastings"]
[Date "1988.01.02"]
[Round "5"]
[White "Renet, Olivier"]
[Black "Martinovsky, Eugene Simeon"]
[Result "1/2-1/2"]
[WhiteElo "2455"]
[BlackElo "2255"]
[PlyCount "63"]
[EventDate "1987.12.29"]
[EventType "swiss"]
[EventRounds "10"]
[EventCountry "ENG"]
[SourceTitle "BritBase"]
[Source "John Saunders"]
[SourceDate "2024.12.03"]
[SourceVersion "1"]
[SourceVersionDate "2024.12.03"]
[SourceQuality "1"]

1. e4 c6 2. d4 d5 3. Nc3 dxe4 4. Nxe4 Nf6 5. Nxf6+ exf6 6. Bc4 Nd7 7. Ne2 Bd6 8. O-O O-O 9. Bf4 Nb6 10. Bb3 Bg4 11. f3 Be6 12. Qd3 c5 13. Bxe6 fxe6 14. Qe4 Re8 15. Rad1 Nd5 16. Bxd6 Qxd6 17. c4 Nb4 18. Qxb7 Nxa2 19. Qb5 Rab8 20. Qa4 Nb4 21. Qxa7 Nc6 22. Qxc5 Qxc5 23. dxc5 Rxb2 24. Rfe1 Ne5 25. Nf4 Kf7 26. Nd3 Nxd3 27. Rxd3 Rc2 28. Rd7+ Re7 29. Rxe7+ Kxe7 30. Ra1 Rxc4 31. Ra7+ Kf8 32. Rc7 1/2-1/2

[Event "Hastings Challengers 1987/88"]
[Site "Hastings"]
[Date "1988.01.03"]
[Round "6"]
[White "Basagic, Zlatko"]
[Black "Adelman, Charles D"]
[Result "0-1"]
[WhiteElo "2405"]
[BlackElo "2305"]
[PlyCount "44"]
[EventDate "1987.12.29"]
[EventType "swiss"]
[EventRounds "10"]
[EventCountry "ENG"]
[SourceTitle "BritBase"]
[Source "John Saunders"]
[SourceDate "2024.12.03"]
[SourceVersion "1"]
[SourceVersionDate "2024.12.03"]
[SourceQuality "1"]

1. e4 e5 2. Nc3 Nf6 3. Bc4 d6 4. d3 Be7 5. Nge2 c6 6. Ng3 O-O 7. O-O d5 8. Bb3 Na6 9. h3 Nc5 10. Qf3 dxe4 11. Ncxe4 Nfxe4 12. dxe4 Bg5 13. Rd1 Qe7 14. Bxg5 Qxg5 15. Qc3 Qe7 16. Rd2 h5 17. Nxh5 Nxe4 18. Qd3 Bf5 19. Ng3 Nxd2 20. Nxf5 Qf6 21. Qd7 Rfd8 22. Ne7+ Kf8 {Source: Atlantic Chess News, March/April 1988. Contributed by Andy Ansel, 21 March 2022} 0-1

[Event "Hastings Challengers 1987/88"]
[Site "Hastings"]
[Date "1988.01.03"]
[Round "6"]
[White "Flear, Glenn C"]
[Black "Renet, Olivier"]
[Result "1-0"]
[WhiteElo "2495"]
[BlackElo "2455"]
[PlyCount "123"]
[EventDate "1987.12.29"]
[EventType "swiss"]
[EventRounds "10"]
[EventCountry "ENG"]
[SourceTitle "BritBase"]
[Source "John Saunders"]
[SourceDate "2024.12.03"]
[SourceVersion "1"]
[SourceVersionDate "2024.12.03"]
[SourceQuality "1"]

1. d4 Nf6 2. c4 e6 3. Nf3 c5 4. d5 exd5 5. cxd5 d6 6. Nc3 g6 7. Bf4 a6 8. e4 b5 9. Qe2 Be7 10. Qc2 O-O 11. a4 b4 12. Nd1 b3 13. Qc4 Nbd7 14. Ra3 Rb8 15. Rxb3 Rxb3 16. Qxb3 Nxe4 17. Bd3 Nef6 18. O-O Qb6 19. Qa2 Qb7 20. Nc3 Nb6 21. Re1 Nfxd5 22. Be4 Be6 23. Bxd5 Bxd5 24. Rxe7 Qxe7 25. Nxd5 Qe6 26. Nc3 Qxa2 27. Nxa2 Nxa4 28. b3 Nb6 29. Nc3 d5 30. Kf1 Rc8 31. Ke2 f6 32. g4 Kf7 33. h3 Ke6 34. Kd3 Nd7 35. Ke2 Nb6 36. Kd3 Rh8 37. Bc7 Nd7 38. Na4 h5 39. Bg3 hxg4 40. hxg4 g5 41. Ne1 Rc8 42. Nc3 Ne5+ 43. Bxe5 fxe5 44. f3 Rb8 45. Kc2 Rh8 46. Na4 Kd6 47. Nd3 Rf8 48. Naxc5 Rxf3 49. Nxa6 e4 50. Ndc5 Ke5 51. b4 d4 52. b5 Kd5 53. b6 Rf6 54. Nd7 Rf2+ 55. Kb3 Kc6 56. Nac5 Rf1 57. b7 Rb1+ 58. Kc4 Rxb7 59. Nxb7 d3 60. Ne5+ Kxb7 61. Nxd3 Kc6 62. Ne1 1-0

[Event "Hastings Challengers 1987/88"]
[Site "Hastings"]
[Date "1988.01.03"]
[Round "6"]
[White "Lalic, Susan Kathryn"]
[Black "Gallagher, Joseph G"]
[Result "1-0"]
[WhiteElo "2335"]
[BlackElo "2340"]
[PlyCount "67"]
[EventDate "1987.12.29"]
[EventType "swiss"]
[EventRounds "10"]
[EventCountry "ENG"]
[SourceTitle "BritBase"]
[Source "John Saunders"]
[SourceDate "2024.12.03"]
[SourceVersion "1"]
[SourceVersionDate "2024.12.03"]
[SourceQuality "1"]

1. e4 e5 2. Nf3 Nc6 3. d4 exd4 4. Nxd4 Bc5 5. Nb3 Bb6 6. a4 a6 7. Nc3 d6 8. Be2 Nf6 9. O-O Be6 10. Nd5 Bxd5 11. exd5 Ne7 12. c4 O-O 13. Nd4 h6 14. Ra3 Qd7 15. Rf3 Ne4 16. Rf4 Ng5 17. h4 Nh7 18. Bd3 Ng6 19. Bf5 Qe7 20. Re1 Ne5 21. Bb1 Bxd4 22. Rxd4 Qd7 23. Qc2 f5 24. Rf4 Rae8 25. Re3 Ng6 26. Rxf5 Rxe3 27. Bxe3 Nf6 28. h5 Ne5 29. Bd4 Re8 30. f3 b6 31. b4 Nxc4 32. Rxf6 Re1+ 33. Kf2 Rxb1 34. Rg6 {Source: BCM, February 1988, p53} 1-0

[Event "Hastings Challengers 1987/88"]
[Site "Hastings"]
[Date "1988.01.04"]
[Round "7"]
[White "Adams, Michael"]
[Black "Szekely, Peter"]
[Result "1-0"]
[WhiteElo "2360"]
[BlackElo "2420"]
[PlyCount "105"]
[EventDate "1987.12.29"]
[EventType "swiss"]
[EventRounds "10"]
[EventCountry "ENG"]
[SourceTitle "BritBase"]
[Source "John Saunders"]
[SourceDate "2024.12.03"]
[SourceVersion "1"]
[SourceVersionDate "2024.12.03"]
[SourceQuality "1"]

1. e4 c5 2. Nf3 d6 3. d4 cxd4 4. Nxd4 Nf6 5. Nc3 a6 6. Be3 e5 7. Nb3 Be7 8. f3 Be6 9. Qd2 Nbd7 10. g4 h6 11. O-O-O b5 12. h4 Nb6 13. Qf2 Nfd7 14. Kb1 Nc4 15. Bxc4 bxc4 16. Nc1 Rb8 17. N1e2 Qc7 18. Bc1 Rb7 19. Ka1 Qc6 20. Qg3 Nb6 21. f4 f6 22. g5 Bf7 23. h5 hxg5 24. fxg5 fxg5 25. Bxg5 Rxh5 26. Bxe7 Rxe7 27. Qxg7 Rxh1 28. Rxh1 Be6 29. Qg5 Kd7 30. Ng3 Re8 31. Qg6 Kc8 32. Rd1 Kc7 33. Nh5 Bd7 34. Nf6 Rd8 35. Qf7 Kc8 36. a3 Qc5 37. Qe7 Bc6 38. Ka2 a5 39. Ka1 a4 40. Ka2 Qf2 41. Rxd6 Rxd6 42. Qxd6 Kb7 43. Qe7+ Ka6 44. Qe6 Kb7 45. Nfd5 Qc5 46. Qxe5 Bxd5 47. exd5 Qf2 48. Ne4 Qf8 49. Qe6 Ka7 50. d6 Kb8 51. Nc5 c3 52. d7 Ka7 53. d8=Q 1-0

[Event "Hastings Challengers 1987/88"]
[Site "Hastings"]
[Date "1988.01.04"]
[Round "7"]
[White "Adelman, Charles D"]
[Black "McNab, Colin Anderson"]
[Result "0-1"]
[WhiteElo "2305"]
[BlackElo "2435"]
[PlyCount "112"]
[EventDate "1987.12.29"]
[EventType "swiss"]
[EventRounds "10"]
[EventCountry "ENG"]
[SourceTitle "BritBase"]
[Source "John Saunders"]
[SourceDate "2024.12.03"]
[SourceVersion "1"]
[SourceVersionDate "2024.12.03"]
[SourceQuality "1"]

1. Nf3 g6 2. c4 Bg7 3. Nc3 e5 4. d3 c6 5. g3 d5 6. cxd5 cxd5 7. Bg2 Ne7 8. O-O O-O 9. Qb3 Nbc6 10. Bd2 h6 11. Rac1 Kh7 12. Rfd1 f5 13. Be1 f4 14. d4 e4 15. Ne5 Qb6 16. Nxc6 bxc6 17. Qa3 Nf5 18. Nxe4 dxe4 19. Ba5 Qb5 20. Bxe4 fxg3 21. hxg3 Qxe2 22. Bf3 Nxg3 23. Bxe2 Nxe2+ 24. Kg2 Nxc1 25. Rxc1 Be6 26. Re1 Bd5+ 27. Kg1 Bxd4 28. Re7+ Kg8 29. Bc3 Bxc3 30. Qxc3 Rf7 31. Rxf7 Kxf7 32. Qe5 Re8 33. Qf4+ Kg8 34. f3 h5 35. Kf2 Rf8 36. Qd6 Rxf3+ 37. Ke2 Kh7 38. Qc7+ Rf7 39. Qa5 Kh6 40. a3 h4 41. Qd8 g5 42. Qh8+ Kg6 43. b4 Kf5 44. a4 a6 45. Ke3 Re7+ 46. Kf2 Re5 47. Qc8+ Kf4 48. b5 axb5 49. a5 g4 50. Qf8+ Ke4 51. Qb4+ Kf5 52. a6 g3+ 53. Kg1 h3 54. Qb1+ Kf6 55. Qf1+ Ke7 56. Qxh3 Re1+ {Source: Atlantic Chess News, March/April 1988. Contributed by Andy Ansel, 21 March 2022} 0-1

[Event "Hastings Challengers 1987/88"]
[Site "Hastings"]
[Date "1988.01.04"]
[Round "7"]
[White "Renet, Olivier"]
[Black "Lalic, Susan Kathryn"]
[Result "0-1"]
[WhiteElo "2455"]
[BlackElo "2335"]
[PlyCount "104"]
[EventDate "1987.12.29"]
[EventType "swiss"]
[EventRounds "10"]
[EventCountry "ENG"]
[SourceTitle "BritBase"]
[Source "John Saunders"]
[SourceDate "2024.12.03"]
[SourceVersion "1"]
[SourceVersionDate "2024.12.03"]
[SourceQuality "1"]

1. e4 c6 2. d4 d5 3. Nc3 dxe4 4. Nxe4 Nd7 5. Bc4 Ngf6 6. Ng5 e6 7. Qe2 Nb6 8. Bb3 h6 9. N5f3 a5 10. a3 a4 11. Ba2 c5 12. c3 Bd6 13. Ne5 cxd4 14. cxd4 O-O 15. Ngf3 Nbd5 16. O-O b5 17. Bd2 Ba6 18. Rfc1 b4 19. Bc4 Qb6 20. Qe1 Bb7 21. Bd3 b3 22. Nc4 Qd8 23. Nxd6 Qxd6 24. Qe5 Rfd8 25. Qxd6 Rxd6 26. Ne5 Ba6 27. Bxa6 Rdxa6 28. f3 Rd6 29. Kf1 Nb6 30. Nc6 Nfd5 31. Ke2 Rc8 32. Na5 Rc7 33. Rc5 Nd7 34. Rxc7 Nxc7 35. Bf4 e5 36. dxe5 Re6 37. Nc4 f6 38. Rd1 Re7 39. Bg3 fxe5 40. Nd6 Ne6 41. Bh4 Nf4+ 42. Kf1 Re6 43. Ne4 Nb6 44. Rd8+ Kh7 45. Be1 Nc4 46. Nc5 Rc6 47. Nxa4 Ne3+ 48. Kf2 Rc2+ 49. Bd2 Nc4 50. g3 Ne6 51. Rd3 Nxd2 52. Ke1 Nd4 0-1

[Event "Hastings Challengers 1987/88"]
[Site "Hastings"]
[Date "1988.01.05"]
[Round "8"]
[White "Berg, Klaus"]
[Black "Adelman, Charles D"]
[Result "1-0"]
[WhiteElo "2350"]
[BlackElo "2305"]
[PlyCount "69"]
[EventDate "1987.12.29"]
[EventType "swiss"]
[EventRounds "10"]
[EventCountry "ENG"]
[SourceTitle "BritBase"]
[Source "John Saunders"]
[SourceDate "2024.12.03"]
[SourceVersion "1"]
[SourceVersionDate "2024.12.03"]
[SourceQuality "1"]

1. d4 Nf6 2. c4 e6 3. Nc3 c5 4. d5 exd5 5. cxd5 d6 6. e4 g6 7. f4 Qe7 8. Nf3 Bg7 9. Be2 O-O 10. e5 dxe5 11. fxe5 Ng4 12. Bg5 Qe8 13. O-O Nxe5 14. d6 Nbc6 15. Nd5 Nxf3+ 16. Bxf3 Qe5 17. Be7 Be6 18. Bxf8 Bxf8 19. Nf6+ Qxf6 20. Bxc6 Qe5 21. Re1 Qxd6 22. Bxb7 Rb8 23. Qf3 Qd4+ 24. Kh1 Qxb2 25. Bd5 Bxd5 26. Qxd5 Qb7 27. Qxb7 Rxb7 28. Rab1 Rd7 29. Rbd1 Rb7 30. Re8 Kg7 31. Red8 Rb4 32. R8d7 Ra4 33. Rf1 Kh6 34. Rfxf7 Rxa2 35. h4 {Source: Atlantic Chess News, March/April 1988. Contributed by Andy Ansel, 21 March 2022} 1-0

[Event "Hastings Challengers 1987/88"]
[Site "Hastings"]
[Date "1988.01.05"]
[Round "8"]
[White "Fishbein, Alexander"]
[Black "Adams, Michael"]
[Result "1/2-1/2"]
[WhiteElo "2410"]
[BlackElo "2360"]
[PlyCount "198"]
[EventDate "1987.12.29"]
[EventType "swiss"]
[EventRounds "10"]
[EventCountry "ENG"]
[SourceTitle "BritBase"]
[Source "John Saunders"]
[SourceDate "2024.12.03"]
[SourceVersion "1"]
[SourceVersionDate "2024.12.03"]
[SourceQuality "1"]

1. e4 c6 2. d4 d5 3. Nc3 dxe4 4. Nxe4 Nd7 5. Ne2 Ngf6 6. N2g3 g6 7. Bc4 Bg7 8. c3 O-O 9. O-O Nd5 10. Re1 h6 11. Bf1 N7f6 12. Bd2 b6 13. Qb3 Qd7 14. a4 Qc7 15. a5 Nxe4 16. Nxe4 Bf5 17. Qa3 b5 18. Nc5 Rfe8 19. Bd3 Bxd3 20. Nxd3 e6 21. Rac1 Rab8 22. b3 Qe7 23. Qa2 Red8 24. c4 bxc4 25. bxc4 Nc7 26. Ne5 Qe8 27. Bc3 Na6 28. Qa4 c5 29. Qxe8+ Rxe8 30. Nc6 Rb3 31. Ba1 Nb4 32. Nxb4 Rxb4 33. dxc5 Bxa1 34. Rxa1 Rc8 35. Rad1 Rxc5 36. Rd7 Rxa5 37. Rc7 Rb2 38. g3 Rc2 39. Rd1 Rf5 40. Rf1 a5 41. h4 a4 42. Ra7 Rxc4 43. Kg2 Kg7 44. Kg1 g5 45. hxg5 hxg5 46. Kg2 g4 47. Kg1 Rfc5 48. Kg2 Rd5 49. Ra1 Rdd4 50. Ra2 Kg6 51. Ra1 f5 52. Ra6 Re4 53. Ra5 Kf6 54. Ra6 f4 55. gxf4 Rxf4 56. Ra2 Rfe4 57. Ra5 Kg6 58. Ra1 Kf6 59. Ra2 Ke7 60. Ra6 Kd7 61. Ra7+ Kc6 62. Ra8 Rb4 63. Ra3 e5 64. Ra6+ Kb5 65. Ra8 Rf4 66. Re8 Rbe4 67. Rb8+ Kc5 68. Ra8 Re2 69. R8xa4 Rexf2+ 70. Kg3 R2f3+ 71. Rxf3 Rxa4 72. Rf8 Rd4 73. Ra8 Kd5 74. Ra3 Rf4 75. Ra5+ Ke4 76. Ra8 Rf1 77. Ra7 Rg1+ 78. Kf2 Rd1 79. Kg3 Rf1 80. Ra8 Rf4 81. Ra7 Kd5 82. Ra5+ Ke6 83. Ra8 Rd4 84. Re8+ Kd5 85. Ra8 Kc4 86. Ra5 Re4 87. Ra4+ Kd5 88. Ra8 Rb4 89. Ra5+ Ke6 90. Ra8 Kf5 91. Rf8+ Ke4 92. Kxg4 Kd3+ 93. Kg3 e4 94. Ra8 Rc4 95. Ra3+ Rc3 96. Ra2 Ke3 97. Ra1 Kd4+ 98. Kf2 Rc2+ 99. Ke1 Rb2 1/2-1/2

[Event "Hastings Challengers 1987/88"]
[Site "Hastings"]
[Date "1988.01.05"]
[Round "8"]
[White "Flear, Glenn C"]
[Black "Martin, Andrew D"]
[Result "1-0"]
[WhiteElo "2495"]
[BlackElo "2370"]
[PlyCount "79"]
[EventDate "1987.12.29"]
[EventType "swiss"]
[EventRounds "10"]
[EventCountry "ENG"]
[SourceTitle "BritBase"]
[Source "John Saunders"]
[SourceDate "2024.12.03"]
[SourceVersion "1"]
[SourceVersionDate "2024.12.03"]
[SourceQuality "1"]

1. d4 Nf6 2. c4 e6 3. Nf3 c5 4. d5 exd5 5. cxd5 d6 6. Nc3 g6 7. Bf4 a6 8. e4 b5 9. Qe2 Nh5 10. Bg5 Be7 11. Bh6 Bg4 12. e5 b4 13. Ne4 dxe5 14. d6 Bf8 15. Nxc5 Qxd6 16. Ne4 Qe7 17. Be3 Nd7 18. Rd1 Qe6 19. h3 Bxf3 20. Qxf3 Rd8 21. Ng5 Qxa2 22. Qc6 b3 23. Qc4 Bb4+ 24. Qxb4 a5 25. Qd6 Qxb2 26. Nxf7 Ng7 27. Nxd8 Qc3+ 28. Bd2 Qc5 29. Qxd7+ Kxd7 30. Be3+ Qd6 31. Bb5+ Ke7 32. Rxd6 b2 33. Ke2 Kxd6 34. Nf7+ Ke7 35. Nxh8 Nf5 36. Rb1 Ke6 37. Bc4+ Kd6 38. Nf7+ Kc6 39. Nxe5+ Kd6 40. Nf7+ 1-0

[Event "Hastings Challengers 1987/88"]
[Site "Hastings"]
[Date "1988.01.05"]
[Round "8"]
[White "Plaskett, H James"]
[Black "Kosten, Anthony C"]
[Result "0-1"]
[WhiteElo "2460"]
[BlackElo "2495"]
[PlyCount "76"]
[EventDate "1987.12.29"]
[EventType "swiss"]
[EventRounds "10"]
[EventCountry "ENG"]
[SourceTitle "BritBase"]
[Source "John Saunders"]
[SourceDate "2024.12.03"]
[SourceVersion "1"]
[SourceVersionDate "2024.12.03"]
[SourceQuality "1"]

1. d4 Nf6 2. Nf3 e6 3. Bg5 h6 4. Bxf6 Qxf6 5. c3 g6 6. Nbd2 Bg7 7. e4 d6 8. Bd3 Nd7 9. a4 O-O 10. a5 c6 11. O-O Qe7 12. Nc4 e5 13. Bc2 exd4 14. cxd4 Nf6 15. Re1 Be6 16. Ne3 Qc7 17. b4 Rad8 18. Nh4 d5 19. e5 Ne4 20. f3 Qe7 21. g3 Ng5 22. Qd2 f6 23. f4 fxe5 24. fxg5 Qxg5 25. Nxg6 exd4 26. Qd3 dxe3 27. Nh4 Rf2 28. Rxe3 Rxc2 29. Rxe6 Rd2 30. Qg6 Rf8 31. a6 Qxg6 32. Rxg6 bxa6 33. Rxa6 Kh8 34. Rxg7 Kxg7 35. Rxc6 d4 36. g4 d3 37. Rd6 Rc8 38. Nf5+ Kf7 {time. Source: CHESS, March 1988, Vol.52/1018, p388} 0-1

[Event "Hastings Challengers 1987/88"]
[Site "Hastings"]
[Date "1988.01.06"]
[Round "9"]
[White "Adelman, Charles D"]
[Black "Flear, Christine"]
[Result "1-0"]
[WhiteElo "2305"]
[BlackElo "2220"]
[PlyCount "75"]
[EventDate "1987.12.29"]
[EventType "swiss"]
[EventRounds "10"]
[EventCountry "ENG"]
[SourceTitle "BritBase"]
[Source "John Saunders"]
[SourceDate "2024.12.03"]
[SourceVersion "1"]
[SourceVersionDate "2024.12.03"]
[SourceQuality "1"]

1. Nf3 d5 2. b3 Nf6 3. Bb2 Bg4 4. g3 e6 5. Bg2 Be7 6. O-O O-O 7. d3 Nbd7 8. Nbd2 c6 9. e4 dxe4 10. dxe4 e5 11. h3 Bxf3 12. Nxf3 Qc7 13. Qe2 Rfe8 14. Rfd1 Bf8 15. Nh2 a5 16. a4 Rac8 17. h4 h5 18. Bh3 Rcd8 19. Bxd7 Rxd7 20. Rxd7 Qxd7 21. Rd1 Qe6 22. Bc1 Bc5 23. Bg5 g6 24. Bxf6 Qxf6 25. Kg2 Rd8 26. Nf3 Rxd1 27. Qxd1 Qd6 28. Qe1 Bb4 29. Qe3 b5 30. c3 Ba3 31. Qg5 bxa4 32. bxa4 Qd1 33. Qxe5 Qxa4 34. Ng5 Bf8 35. Qe8 Qc4 36. e5 a4 37. e6 Qd5+ 38. Kg1 {Source: Atlantic Chess News, March/April 1988. Contributed by Andy Ansel, 21 March 2022} 1-0

[Event "Hastings Challengers 1987/88"]
[Site "Hastings"]
[Date "1988.01.06"]
[Round "9"]
[White "Conquest, Stuart C"]
[Black "Plaskett, H James"]
[Result "1-0"]
[WhiteElo "2445"]
[BlackElo "2460"]
[PlyCount "71"]
[EventDate "1987.12.29"]
[EventType "swiss"]
[EventRounds "10"]
[EventCountry "ENG"]
[SourceTitle "BritBase"]
[Source "John Saunders"]
[SourceDate "2024.12.03"]
[SourceVersion "1"]
[SourceVersionDate "2024.12.03"]
[SourceQuality "1"]

1. d4 e6 2. c4 b6 3. Nc3 Bb4 4. e4 Bb7 5. f3 f5 6. exf5 Nh6 7. fxe6 Nf5 8. Bf4 dxe6 9. Qa4+ Nc6 10. O-O-O Nfxd4 11. Nh3 O-O 12. Kb1 e5 13. Be3 a6 14. Rd2 Qc8 15. Bd3 Bxc3 16. bxc3 Nxf3 17. Rf2 Ne7 18. Qc2 h6 19. Bh7+ Kh8 20. Be4 Bxe4 21. Qxe4 Ng5 22. Nxg5 hxg5 23. Rhf1 Rxf2 24. Rxf2 Qe8 25. Kb2 Nc6 26. Rf3 g4 27. Qxg4 e4 28. Rg3 Qe5 29. Bf4 Qf6 30. Qh5+ Kg8 31. Qd5+ Kf8 32. Bxc7 Rc8 33. Bd6+ Ke8 34. Qxe4+ Kd7 35. Rd3 Qf2+ 36. Ka3 {Source: BCM, March 1988, p138} 1-0